Valuation of commercial property for secured lending (Record no. 85427)

MARC details
000 -LEADER
fixed length control field 01476cam a2200313 4500
008 - FIXED-LENGTH DATA ELEMENTS--GENERAL INFORMATION
fixed length control field #DATE n2003 000 0 eng u
020 ## - INTERNATIONAL STANDARD BOOK NUMBER
International Standard Book Number 1904388078
035 ## - SYSTEM CONTROL NUMBER
System control number (Sirsi) u122559
041 ## - LANGUAGE CODE
Language code of text/sound track or separate title eng
050 ## - LIBRARY OF CONGRESS CALL NUMBER
Classification number 333.332
-- 18
100 ## - MAIN ENTRY--PERSONAL NAME
Personal name Brunsdon, Mark
245 ## - TITLE STATEMENT
Title Valuation of commercial property for secured lending
Remainder of title a CPD study pack
250 ## - EDITION STATEMENT
Edition statement 2nd ed.
260 ## - PUBLICATION, DISTRIBUTION, ETC.
Place of publication, distribution, etc. Reading
Name of publisher, distributor, etc. College of Estate Management
Date of publication, distribution, etc. 2003
300 ## - PHYSICAL DESCRIPTION
Extent 39p.
Dimensions 30cm. + 1 audio cassette (ca. 60 min.)
350 ## - PRICE (NR) (BK AM CF MU VM SE) [OBSOLETE]
Price 41
490 ## - SERIES STATEMENT
Series statement College of Estate Management CPD Study Pack
520 ## - SUMMARY, ETC.
Summary, etc. Revised edition of this CPD study pack, which looks at these valuations as covered in the "RICS appraisal and valuation standards" know as the Red Book. The study pack considers the Red Book itself, instructions, bases of valuation, the inspection, reporting requirements, valuation methodology and recovery situations. Accompanied by an Owlion Audio Tape entitled "Valuation of commercial property for secured lending", which is also available to borrow separately (E2685).
520 ## - SUMMARY, ETC.
Summary, etc. Supersedes first edition (ISBN 1899769765).
520 ## - SUMMARY, ETC.
Summary, etc. Superseded by 3rd ed 2005 (ISBN 1904388418)
650 ## - SUBJECT ADDED ENTRY--TOPICAL TERM
Topical term or geographic name entry element PROPERTY-COMMERCIAL PROPERTY
650 ## - SUBJECT ADDED ENTRY--TOPICAL TERM
Topical term or geographic name entry element RICS appraisal and valuation standards
650 ## - SUBJECT ADDED ENTRY--TOPICAL TERM
Topical term or geographic name entry element REPORTING REQUIREMENTS
650 ## - SUBJECT ADDED ENTRY--TOPICAL TERM
Topical term or geographic name entry element SECURED LENDING
650 ## - SUBJECT ADDED ENTRY--TOPICAL TERM
Topical term or geographic name entry element Valuation
9 (RLIN) 6273
690 ## - LOCAL SUBJECT ADDED ENTRY--TOPICAL TERM (OCLC, RLIN)
Topical term or geographic name as entry element RATING AND VALUATION
710 ## - ADDED ENTRY--CORPORATE NAME
Corporate name or jurisdiction name as entry element College of Estate Management
9 (RLIN) 400
942 ## - ADDED ENTRY ELEMENTS (KOHA)
Suppress in OPAC 0
Holdings
Withdrawn status Lost status Source of classification or shelving scheme Damaged status Not for loan Home library Current library Shelving location Date acquired Cost, normal purchase price Total Checkouts Full call number Barcode Date last seen Date last checked out Copy number Cost, replacement price Price effective from Koha item type
    Dewey Decimal Classification     London London Enquiry desk 19/06/2003 34.85 48 BASEMENT 6 30067275 06/08/2019 18/09/2008 3 34.85 06/08/2019 Audio
    Dewey Decimal Classification     London London Enquiry desk 19/06/2003 34.85 47 BASEMENT 6 30067276 06/08/2019 23/01/2009 4 34.85 06/08/2019 Audio
    Dewey Decimal Classification     London London Enquiry desk 01/11/2005   18 BASEMENT 6 30067278 06/08/2019 11/06/2009 8   06/08/2019 Audio